Villa Celina /

Mezclando referencias autobiográficas con elementos tanto cotidianos como fantásticos, Incardona da vida a vecinos y anécdotas que se acercan al mito urbano y a las historias que circulan de boca en boca. A partir de este punto central que es Villa Celina, el libro indaga en temas que van desde la i...

Descripción completa

Guardado en:
Autor Principal: Incardona, Juan Diego.
Otros Autores: Santoro, Daniel; il.
Formato: Libro
Idioma:Undetermined
Publicado: Buenos Aires : Interzona, 2023.
Edición:1a ed.
Series:Identidades bonaerenses
Segundo round
Materias:
Etiquetas: Agregar Etiqueta
Sin Etiquetas, Sea el primero en etiquetar este registro!
LEADER 01617nam a22002895a 4500
001 CEM.cems024808
008 250716s2023####ag############000#0#und#d
005 20250819074449.0
245 1 0 |a Villa Celina /  |c Juan Diego Incardona ; ilustraciones de Daniel Santoro. 
250 |a 1a ed. 
260 |a Buenos Aires :  |b Interzona,  |c 2023. 
300 |a 173 p. 
490 1 |a Identidades bonaerenses 
490 1 |a Segundo round 
500 |a Edición especial de la Dirección de Cultura y Educación de la Provincia de Buenos Aires. 
500 |a Sugerencia de edad: a partir de ciclo orientado (requiere acompañamiento docente). 
520 |a Mezclando referencias autobiográficas con elementos tanto cotidianos como fantásticos, Incardona da vida a vecinos y anécdotas que se acercan al mito urbano y a las historias que circulan de boca en boca. A partir de este punto central que es Villa Celina, el libro indaga en temas que van desde la infancia, el fútbol y los amigos, la violencia, hasta momentos históricos como la Guerra de Malvinas y otros que, ligándose estrechamente al barrio, exploran aspectos universales de la vida de toda persona. 
020 |a 9789877900705 
100 1 |a Incardona, Juan Diego. 
700 1 |a Santoro, Daniel; il. 
653 |a Narrativa argentina 
653 |a Literatura argentina 
653 |a Cuento argentino 
653 |a Identidades bonaerenses 
859 |a CEMS  |b BIB. CEMS - Agricultura  |h A868.4  |i In211  |p A3906.25  |t Ej.1 
859 |a CEMS  |b BIB. CEMS - Ccias. Educacion  |h A868.4  |i In211  |k CE  |p 30185.25  |t Ej.1 
859 |a CEMS  |b BIB. CEMS - 11 de abril  |h A868.4  |i In211  |p 30184.25  |t Ej.1